लटकते सवाल / (Record no. 213715)

MARC details
000 -LEADER
fixed length control field 00686nam a22001817a 4500
005 - DATE AND TIME OF LATEST TRANSACTION
control field 20251031155625.0
010 ## - LCCN (DPL NO)
LC control number HIN-130528
020 ## - INTERNATIONAL STANDARD BOOK NUMBER
International Standard Book Number 9789391546281
Terms of availability 300.00
035 ## - SYSTEM CONTROL NUMBER
System control number HN-102874
037 ## - SOURCE OF ACQUISITION
Source of stock number/acquisition DBAD
082 ## - DEWEY DECIMAL CLASSIFICATION NUMBER
Classification number 821
100 ## - MAIN ENTRY--PERSONAL NAME
Personal name सुंदरलाल उत्सुक
245 ## - TITLE STATEMENT
Title लटकते सवाल /
Statement of responsibility, etc सुंदरलाल उत्सुक
260 ## - PUBLICATION, DISTRIBUTION, ETC. (IMPRINT)
Place of publication, distribution, etc नई दिल्ली
Name of publisher, distributor, etc शब्दाकुर प्रकाशक
Date of publication, distribution, etc 2022
270 ## - ADDRESS
Address जे-41,मदनगीर
City नई दिल्ली
Postal code 110062
300 ## - PHYSICAL DESCRIPTION
Extent 117पृ.
Dimensions 22सेमी (सजिल्द )
942 ## - ADDED ENTRY ELEMENTS (KOHA)
Source of classification or shelving scheme Dewey Decimal Classification
Item type Hindi Books
Classification part 821
Call number suffix सुंदर
Holdings
Withdrawn status Lost status Not for loan Collection code Home library Current library Date acquired Source of acquisition Cost, normal purchase price Full call number Barcode Copy number Cost, replacement price Koha item type
      Non-fiction Mobile Library Mobile Library 31/10/2025 DBAD 300.00 821 सुंदर HN-102874 1 300.00 Hindi Books

© Delhi Public Library
Hit Counter
free hit counter